Sociologie politique du syndicalisme : Introduction à l'analyse sociologique des syndicats (notice n° 1567994)

détails MARC
000 -LEADER
fixed length control field 01623cam a2200157 4500500
005 - DATE AND TIME OF LATEST TRANSACTION
control field 20251214003810.0
041 ## - LANGUAGE CODE
Language code of text/sound track or separate title fre
042 ## - AUTHENTICATION CODE
Authentication code dc
100 10 - MAIN ENTRY--PERSONAL NAME
Personal name Giraud, Baptiste
Relator term author
245 00 - TITLE STATEMENT
Title Sociologie politique du syndicalisme : Introduction à l'analyse sociologique des syndicats
260 ## - PUBLICATION, DISTRIBUTION, ETC.
Name of publisher, distributor, etc. Armand Colin,<br/>
Date of publication, distribution, etc. 2018.<br/>
520 ## - SUMMARY, ETC.
Summary, etc. Comment expliquer le morcellement du syndicalisme français ? Pourquoi si peu de salariés adhèrent aux syndicats ?Tous les syndicalistes sont-ils des professionnels du dialogue social coupés de leur base ? Pour répondre à ces questions classiques dans les controverses politico-médiatiques, ce manuel propose une synthèse des travaux récents conduits dans les champs de la sociologie et de la science politique autour de l’analyse des organisations syndicales, de leurs adhérents et de leurs pratiques. Il fait le pari que les outils de la sociologie politique permettent une analyse plus fine du phénomène syndical. En abordant des questions telles que les dynamiques de l’engagement militant, les ambivalences du processus d’institutionnalisation ou bien encore les modalités du travail de représentation, cet ouvrage développe des questions qui intéresseront tous les étudiants en sociologie et science politique mais aussi toutes celles et ceux désireux de dépasser les schématismes et de comprendre les spécificités du syndicalisme en France.
700 10 - ADDED ENTRY--PERSONAL NAME
Personal name Yon, Karel
Relator term author
700 10 - ADDED ENTRY--PERSONAL NAME
Personal name Béroud, Sophie
Relator term author
856 41 - ELECTRONIC LOCATION AND ACCESS
Uniform Resource Identifier <a href="https://shs.cairn.info/sociologie-politique-du-syndicalisme--9782200615154?lang=fr&redirect-ssocas=7080">https://shs.cairn.info/sociologie-politique-du-syndicalisme--9782200615154?lang=fr&redirect-ssocas=7080</a>

Pas d'exemplaire disponible.

PLUDOC

PLUDOC est la plateforme unique et centralisée de gestion des bibliothèques physiques et numériques de Guinée administré par le CEDUST. Elle est la plus grande base de données de ressources documentaires pour les Étudiants, Enseignants chercheurs et Chercheurs de Guinée.

Adresse

627 919 101/664 919 101

25 boulevard du commerce
Kaloum, Conakry, Guinée

Réseaux sociaux

Powered by Netsen Group @ 2025